Basic types of pastoral care & counseling : (Record no. 11120)
[ view plain ]
| 000 -LEADER | |
|---|---|
| fixed length control field | 02195cam a22003254a 4500 |
| 001 - CONTROL NUMBER | |
| control field | 16776944 |
| 003 - CONTROL NUMBER IDENTIFIER | |
| control field | OSt |
| 005 - DATE AND TIME OF LATEST TRANSACTION | |
| control field | 20231030163944.0 |
| 008 - FIXED-LENGTH DATA ELEMENTS--GENERAL INFORMATION | |
| fixed length control field | 110513s2011 tnu b 001 0 eng |
| 010 ## - LIBRARY OF CONGRESS CONTROL NUMBER | |
| LC control number | 2011020286 |
| 020 ## - INTERNATIONAL STANDARD BOOK NUMBER | |
| International Standard Book Number | 9780687663804 (trade pbk. : alk. paper) |
| 040 ## - CATALOGING SOURCE | |
| Original cataloging agency | DLC |
| Transcribing agency | DLC |
| Modifying agency | DLC |
| 042 ## - AUTHENTICATION CODE | |
| Authentication code | pcc |
| 050 00 - LIBRARY OF CONGRESS CALL NUMBER | |
| Item number | C641B |
| 082 00 - DEWEY DECIMAL CLASSIFICATION NUMBER | |
| Classification number | 253.5 |
| Edition number | 23 |
| Item number | C641B |
| 100 1# - MAIN ENTRY--PERSONAL NAME | |
| Personal name | Clinebell, Howard John, |
| Dates associated with a name | 1922- |
| 245 10 - TITLE STATEMENT | |
| Title | Basic types of pastoral care & counseling : |
| Remainder of title | resources for the ministry of healing and growth / |
| Statement of responsibility, etc. | Howard Clinebell. |
| 246 3# - VARYING FORM OF TITLE | |
| Title proper/short title | Basic types of pastoral care and counseling |
| 250 ## - EDITION STATEMENT | |
| Edition statement | Updated and rev. / Bridget Clare McKeever. |
| 260 ## - PUBLICATION, DISTRIBUTION, ETC. | |
| Place of publication, distribution, etc. | Nashville : |
| Name of publisher, distributor, etc. | Abingdon Press, |
| Date of publication, distribution, etc. | c2011. |
| 300 ## - PHYSICAL DESCRIPTION | |
| Extent | vi, 513 p. ; |
| Dimensions | 23 cm. |
| 504 ## - BIBLIOGRAPHY, ETC. NOTE | |
| Bibliography, etc. note | Includes bibliographical references and index. |
| 505 0# - FORMATTED CONTENTS NOTE | |
| Formatted contents note | Pastoral care and counseling : challenges and opportunities -- A model for spiritually centered holistic pastoral caregiving -- The history, mission, and theological-biblical foundations of pastoral caregiving -- Foundational skills for most types of caring and counseling -- Methods of holistic supportive caregiving -- Short-term pastoral counseling in crises -- Holistic caregiving in challenging crises -- Caregiving in chronic and long-term illness -- Bereavement caregiving : before, during, and after losses -- Healing spiritual brokenness and cultivating spiritual wholeness in pastoral care and counseling -- Ethical, meaning, and value issues in pastoral care and counseling -- Crisis counseling and enrichment with couples -- Pastoral care, counseling, and enriching families -- Educative counseling -- Group pastoral care and counseling -- The art of referral in pastoral caregiving -- Inclusive caregiving : bridging cultural, racial, ethnic, class, and gender diversity -- Equipping laypersons for caregiving ministries -- Self-care for caregivers. |
| 650 #0 - SUBJECT ADDED ENTRY--TOPICAL TERM | |
| Topical term or geographic name entry element | Pastoral counseling. |
| 650 #0 - SUBJECT ADDED ENTRY--TOPICAL TERM | |
| Topical term or geographic name entry element | Pastoral care. |
| 700 1# - ADDED ENTRY--PERSONAL NAME | |
| Personal name | McKeever, Bridget Clare. |
| 906 ## - LOCAL DATA ELEMENT F, LDF (RLIN) | |
| a | 7 |
| b | cbc |
| c | orignew |
| d | 1 |
| e | ecip |
| f | 20 |
| g | y-gencatlg |
| 942 ## - ADDED ENTRY ELEMENTS (KOHA) | |
| Source of classification or shelving scheme | Dewey Decimal Classification |
| Koha item type | Books |
| Withdrawn status | Lost status | Source of classification or shelving scheme | Damaged status | Not for loan | Collection code | Home library | Current library | Shelving location | Date acquired | Total Checkouts | Full call number | Barcode | Date last seen | Date last checked out | Price effective from | Koha item type |
|---|---|---|---|---|---|---|---|---|---|---|---|---|---|---|---|---|
| Dewey Decimal Classification | Non-fiction | Harvest Mission College | Harvest Mission College | General Stacks | 30.10.2023 | 1 | 253.5 C641B | 013048 | 11.12.2024 | 03.12.2024 | 30.10.2023 | Books |
